Отношение товарища министра народного просвещения к попечителю Казанского учебного округа о препровождении на его рассмотрение к...

Доступно только в Электронных читальных залах Найти на картеНа карте
RUSMARC
00003758nmc2a2200000 x 450
001f374a106-e15a-4598-9b12-5798dd4f5009
00520171114174717.0
100##$a20151130l18051805k l0rusy0189 ca
1010#$arus
102##$aRU
2001#$aОтношение товарища министра народного просвещения к попечителю Казанского учебного округа о препровождении на его рассмотрение книги "Общее понятие об астрономии"
$j6 июня 1805 г.
251##$cДело
300##$aДело
801#0$aRU
$bРГИА
$c20151130
$gRCR
801#1$aRU
$bГлавНИВЦ
$c20151130
$2rusmarc
801#2$aRU
$bПБ им. Б.Н. Ельцина
$c20171114
$gRCR
$2rusmarc
850##$aРГИА
852##$aРГИА
$eФедеральное казенное учреждение "Российский государственный исторический архив" (РГИА)
$j58
937##$hРГИА
$d12186503
$aASBIBLIO_SCAN
462#0$1001a72b6b5a-b506-4d67-873a-f622b4f5e56d
$12001
$aДела Департамента народного просвещения по цензурной части
$1251
$cОпись
$1852
$j118
461#0$1001a74412a3-3cc5-4d21-8f0a-dfe2fbd9e72d
$12001
$aДепартамент народного просвещения Министерства народного просвещения (1803-1917)
$1251
$cФонд
$1852
$j733
215##$a2 л.
$d36,5х26 см
371##$aДокумент не является опубликованным и широко распространяемым
105##$ay###
1220#$ad
035##$af374a106-e15a-4598-9b12-5798dd4f5009
856##$uhttp://readingroom.main.prlib.ru/item.aspx?id_node=n108997706&mode=full
Формат отображения